Vayser shtoystson (Запись № 11589166)
[ простой вид ]
| 000 -МАРКЕР | |
|---|---|
| контрольное поле | 01424nam0a22003851 4500 |
| 001 - ИДЕНТИФИКАТОР ЗАПИСИ | |
| контрольное поле | RU\NLR\Evr\591 |
| 005 - ИДЕНТИФИКАТОР ВЕРСИИ | |
| контрольное поле | 20260406155210.0 |
| 035 ## - ДРУГИЕ СИСТЕМНЫЕ НОМЕРА | |
| Идентификатор записи | (NLR Aleph) 011416985 |
| 100 ## - ДАННЫЕ ОБЩЕЙ ОБРАБОТКИ | |
| Данные общей обработки | 20061010d1937 u y0rusy50 ca |
| 101 1# - ЯЗЫК РЕСУРСА | |
| Язык текста, звукозаписи и т.д. | идиш |
| 102 ## - СТРАНА ПУБЛИКАЦИИ ИЛИ ПРОИЗВОДСТВА | |
| Страна публикации | Российская Федерация |
| 105 ## - ПОЛЕ КОДИРОВАННЫХ ДАННЫХ: ТЕКСТОВЫЕ МАТЕРИАЛЫ, МОНОГРАФИЧЕСКИЕ | |
| Кодированные данные о монографическом текстовом документе | y ||||||||| |
| 200 1# - ЗАГЛАВИЕ И СВЕДЕНИЯ ОБ ОТВЕТСТВЕННОСТИ | |
| Связь между полями | a01 |
| Графика поля | Латинская |
| Основное заглавие | Vayser shtoystson |
| Первые сведения об ответственности | Dzhek London |
| Последующие сведения об ответственности | Fun english - D. Vendrof |
| 210 ## - ПУБЛИКАЦИЯ, РАСПРОСТРАНЕНИЕ И ДР. | |
| Связь между полями | a01 |
| Место издания, распространения и т.д. | Moskve |
| Имя издателя, распространителя и т. д. | Emes |
| Дата издания, распространения и т.д. | 1937 |
| Графика поля | Латинская |
| 210 ## - ПУБЛИКАЦИЯ, РАСПРОСТРАНЕНИЕ И ДР. | |
| Связь между полями | a01 |
| -- | z02 |
| Место издания, распространения и т.д. | מאָסקווע |
| Имя издателя, распространителя и т. д. | עמעס |
| Дата издания, распространения и т.д. | 1937 |
| 210 ## - ПУБЛИКАЦИЯ, РАСПРОСТРАНЕНИЕ И ДР. | |
| -- | z02 |
| Место издания, распространения и т.д. | Москва |
| Имя издателя, распространителя и т. д. | Эмес |
| Дата издания, распространения и т.д. | 1937 |
| Графика поля | Кириллица |
| 215 ## - ФИЗИЧЕСКАЯ ХАРАКТЕРИСТИКА | |
| Специфическое обозначение материала и объем | 314 с. |
| Размеры | 20 см. |
| 510 1# - ПАРАЛЛЕЛЬНОЕ ЗАГЛАВИЕ | |
| Связь между полями | a01 |
| Параллельное заглавие | וויסער שטויסצאָנ |
| -- | דזשעק לאָנדאָנ |
| -- | פונ ענגליש - ד. ווענדראָפ |
| 541 1# - ПЕРЕВОД ЗАГЛАВИЯ, СДЕЛАННЫЙ КАТАЛОГИЗАТОРОМ | |
| Заглавие | Белый клык |
| Язык заглавия | русский |
| 700 #1 - ИМЯ ЛИЦА - ПЕРВИЧНАЯ ОТВЕТСТВЕННОСТЬ | |
| Код отношения | Автор |
| Материалы, к которым относится поле | rus |
| Графика поля | Кириллица |
| Начальный элемент ввода | Лондон |
| Часть имени, кроме начального элемента ввода | Д. |
| Даты | 1876-1916 |
| Расширение инициалов личного имени | Джек |
| Идентификатор авторитетной/нормативной записи | RU\NLR\AUTH\777462 |
| Системный номер авторитетной/нормативной записи | 117396 |
| 702 #1 - ИМЯ ЛИЦА - ВТОРИЧНАЯ ОТВЕТСТВЕННОСТЬ | |
| Связь между полями | a01 |
| Начальный элемент ввода | Вендров |
| Часть имени, кроме начального элемента ввода | З. |
| Даты | 1879-1971 |
| Расширение инициалов личного имени | Залман |
| Идентификатор авторитетной/нормативной записи | RU\NLR\AUTH\7952441 |
| Код отношения | Переводчик |
| Графика поля | Кириллица |
| 702 #1 - ИМЯ ЛИЦА - ВТОРИЧНАЯ ОТВЕТСТВЕННОСТЬ | |
| Связь между полями | a01 |
| Начальный элемент ввода | Vendrof |
| Часть имени, кроме начального элемента ввода | D. |
| Код отношения | Переводчик |
| Графика поля | Латинская |
| 702 #1 - ИМЯ ЛИЦА - ВТОРИЧНАЯ ОТВЕТСТВЕННОСТЬ | |
| Связь между полями | a01 |
| Начальный элемент ввода | ווענדראָף |
| Часть имени, кроме начального элемента ввода | .ד |
| Код отношения | Переводчик |
| 790 #1 - ИМЯ ЛИЦА - АЛЬТЕРНАТИВНАЯ ФОРМА | |
| Связь между полями | a01 |
| Начальный элемент ввода | London |
| Часть имени, кроме начального элемента ввода | J. |
| Даты | 1876-1916 |
| Расширение инициалов личного имени | Jak |
| Код отношения | Автор |
| Графика поля | Латинская |
| 790 #1 - ИМЯ ЛИЦА - АЛЬТЕРНАТИВНАЯ ФОРМА | |
| Связь между полями | a01 |
| Начальный элемент ввода | לאָנדאָן |
| Часть имени, кроме начального элемента ввода | .ד |
| Даты | 1876-1916 |
| Расширение инициалов личного имени | דזשעק |
| Код отношения | Автор |
| 801 #0 - ИСТОЧНИК ЗАПИСИ | |
| Страна | Российская Федерация |
| Организация | NLR |
| Дата составления | 20061010 |
| Правила каталогизации | psbo |
| 801 #0 - ИСТОЧНИК ЗАПИСИ | |
| Страна | Российская Федерация |
| Организация | NLR |
| Правила каталогизации | PSBO |
| 801 #1 - ИСТОЧНИК ЗАПИСИ | |
| Страна | Российская Федерация |
| Организация | NLR |
| Дата составления | 20061010 |
| Источник данных | rusmarc |
| 801 #2 - ИСТОЧНИК ЗАПИСИ | |
| Страна | Российская Федерация |
| Организация | NLR |
| Дата составления | 20080317 |
| Источник данных | rusmarc |
| 852 ## - МЕСТОНАХОЖДЕНИЕ И ШИФР ХРАНЕНИЯ | |
| Идентификатор организации | NLR |
| Наименование фонда или коллекции (Sub-Location Identifier) | ОЛСАА/идиш |
| Шифр хранения (Call Number) | К-5460 |
| 942 ## - ДОПОЛНИТЕЛЬНЫЕ ЭЛЕМЕНТЫ ЗАПИСИ (АБИС) | |
| Тип экземпляра АБИС | Книга |
| 980 ## - КОЛЛЕКЦИЯ | |
| Название коллекции | Национальная библиография |
| 980 1# - КОЛЛЕКЦИЯ | |
| Название коллекции | |
Нет доступных экземпляров.